| 000 | 01235nam a2200301 i 4500 | ||
|---|---|---|---|
| 001 | 13316 | ||
| 003 | ES-MaACL | ||
| 005 | 20250728062553.0 | ||
| 007 | t| | ||
| 008 | 980202s1996 sp a |||| |dspa d | ||
| 020 | _a84-7392-376-6 | ||
| 080 | _a929 Unamuno, Miguel de | ||
| 100 | 1 |
_aTellechea Idígoras, José Ignacio, _d1928-2008 _9109621 |
|
| 245 | 1 | 3 |
_aEl eco de Unamuno : _bcartas de J.R. Jiménez, J. Maritain, J.M. García Galdacano... / _c[edición], J. Ignacio Tellechea Idígoras. |
| 260 |
_aMadrid : _bFundación Universitaria Española, _c1996. |
||
| 300 |
_a387 p. : _bil. ; _c24 cm. |
||
| 490 | 1 |
_aMonografías ; _v66 |
|
| 600 | 1 | 7 |
_aUnamuno, Miguel de, _d1864-1936- _vCorrespondencia _2 _9168906 |
| 600 | 1 | 7 |
_aJiménez, Juan Ramón, _d1881-1958- _vCorrespondencia _2 _9139894 |
| 600 | 1 | 4 |
_aMaritain, Jacques. _976903 |
| 600 | 1 | 4 |
_aGarcía y Galdácano, José María ( _d1856-1915) _9172370 |
| 700 | 1 |
_aUnamuno, Miguel de, _d1864-1936 _9111982 |
|
| 700 | 1 |
_aTellechea Idígoras, José Ignacio, _d1928-2008 _9109621 |
|
| 710 | 2 |
_aFundación Universitaria Española. _94426 |
|
| 830 | 1 | 0 |
_aMonografías (Centro de Estudios Benaventanos "Ledo del Pozo") _v66 _9177262 |
| 852 |
_aES-MaACL _jL-20641 |
||
| 999 |
_c13316 _d13316 |
||